Loading...
| Current Events | 1 | 10.00 | 100% | 0% | 0% |
| Fine Arts - Classical Music | 3 | 20.00 | 100% | 100% | 0% |
| Fine Arts - Other Fine Arts | 3 | 16.67 | 100% | 33% | 33% |
| Geography | 2 | 20.00 | 100% | 50% | 50% |
| History - American History | 4 | 25.00 | 100% | 75% | 75% |
| History - European History | 2 | 20.00 | 100% | 50% | 50% |
| History - Other History | 1 | 10.00 | 100% | 0% | 0% |
| History - World History | 2 | 15.00 | 100% | 50% | 0% |
| Literature - American Literature | 7 | 11.43 | 100% | 14% | 0% |
| Literature - British Literature | 2 | 20.00 | 100% | 50% | 50% |
| Literature - European Literature | 3 | 16.67 | 100% | 67% | 0% |
| Literature - World Literature | 3 | 13.33 | 100% | 33% | 0% |
| Mythology | 4 | 17.50 | 100% | 50% | 25% |
| Painting/Sculpture | 1 | 20.00 | 100% | 100% | 0% |
| Philosophy | 2 | 10.00 | 100% | 0% | 0% |
| Pop Culture | 3 | 16.67 | 100% | 0% | 67% |
| Religion | 4 | 12.50 | 100% | 25% | 0% |
| Science - Biology | 3 | 10.00 | 67% | 33% | 0% |
| Science - Chemistry | 1 | 20.00 | 100% | 100% | 0% |
| Science - Other Science | 6 | 8.33 | 83% | 0% | 0% |
| Science - Physics | 2 | 5.00 | 50% | 0% | 0% |
| Social Science | 2 | 15.00 | 100% | 50% | 0% |